| 000 | 01147cam a22003617a 4500 | ||
|---|---|---|---|
| 003 | CHAP | ||
| 005 | 20220817042857.0 | ||
| 008 | 971013s1995 r 00010 d | ||
| 010 | _a58556 | ||
| 011 | _a59528 | ||
| 035 | _a63686 | ||
| 040 | _cCHAP | ||
| 082 |
_a338.9 _bF3f v.120 |
||
| 110 | _aFAO | ||
| 245 | 0 |
_aPerspectives áa moyen terme des produits agricoles _b: projections áa l'horizon 2000 |
|
| 260 |
_aRome : _bFAO, _c1995 |
||
| 300 |
_a216 p. _b: gráfs. |
||
| 410 | _aFAO | ||
| 490 | 0 |
_aDesarrollo económico y social _v; 120 |
|
| 590 |
_aBATCH-UPD _b10 _c20130110 _lUCH01 _h1149 |
||
| 590 |
_aBATCH-UPD _b10 _c20130410 _lUCH01 _h0734 |
||
| 590 |
_aBATCH-UPD _b10 _c20130914 _lUCH01 _h0144 |
||
| 590 |
_aBATCH-UPD _b10 _c20130914 _lUCH01 _h1939 |
||
| 590 |
_aCONVERSION _b10 _c20130109 _lUCH01 _h1331 |
||
| 650 | 1 | 4 |
_aAlimentos _xConsumo. _94181 |
| 650 | 1 | 4 |
_aAlimentos _xMercadeo. _94245 |
| 650 | 1 | 4 |
_aProductos agrícolas _xMercadeo. _991951 |
| 810 | 0 | _aFAO | |
| 830 | 0 | 0 |
_aDesarrollo económico y social _v; 120 _932058 |
| 901 | _aBK | ||
| 942 | _cLIBRO | ||
| 949 |
_a338.9 F3f v.120 _bBC _cFAO _d33724000395919 _eFAO1 _h89936 _i63686 _si |
||
| 999 |
_c58556 _d58556 |
||